000
00241nam a22001097a 4500
040
_c
SY
082
_a
571
100
_a
ជួប ថុល
245
_a
កាយវិភាគវិទ្យា
260
_a
RUA
_b
ជួប
_c
NA
942
_c
EK
999
_c
9927
_d
9927